• 首页
  • 本馆介绍
  • 公告通知
  • 最新文献
  • 馆藏检索
  • 电子资源
  • 读者导购
  • 参考咨询
  • 我的图书馆
  • 登录
  • 期刊详细显示
  • 现刊情况显示
  • 合订本情况显示
  • 篇目信息显示

期刊信息

  • 表格格式
  • 工作单格式
  • 卡片格式
索取号 
J838/ZJYMSH
题名 
杂技与魔术
作者 
分册号 
分册名 
出版地 
北京
出版者 
该杂志社
标准刊号 
1003-630x
出版频率 
半年刊
中图法分类 
J838
主题词 
戏剧 艺术 世界; 戏剧 艺术 各国
电子资源 
000 01126nas0 2200361 45
001 1196090347
005 20070323141352.48
011    @a1003-630x@d¥3.50(1996)
091    @aCN@b11-1184
092    @aCN@b2-350@cBM985
100    @a19960717a19819999me y0chiy0120 eb
101 0  @achi
102    @aCN@b110000
110    @aagaz 0yy0
200 1  @a杂技与魔术@AZa Ji Yu Mo Shu@dAcrobatics and magic@zeng
207  0 @a1981,no.1(1981,9)~=[总1]~
210    @a北京@b北京市农展馆南里10号(邮码100026)@c该杂志社@d1981~
215    @d26cm
300    @a李仲耘题写刊名
300    @a1983年以前由天津科学技术出版社出版;后由中国文联出版公司出版
304    @a并列题名曾为conienis
326    @a半年刊@b1981~83
326    @a双月刊@b1984~
327 0  @a谈艺录@a新晚会@a红烛颂@a百花集@a魔术明星@aIBM短波@a五州风情@a艺人传奇
510 1  @aAcrobatics and magic@zeng
510 1  @aConienis@zeng
540 1  @a杂技 魔术@AZa Ji Mo Shu
606 0  @a戏剧@x艺术@x世界
606 0  @a戏剧@x艺术@y各国
610 0  @a杂技@a魔术
690    @aJ838@v4
801  0 @aCN@bPFT@c20070323
905    @a1@cQ@dJ838@eZJYMSH@v总4~@y1983~
    
    杂技与魔术=Acrobatics and magic.-1981,no.1(1981,9)~=[总1]~.-北京(北京市农展馆南里10号(邮码100026)):该杂志社,1981~
    26cm
    李仲耘题写刊名.-1983年以前由天津科学技术出版社出版;后由中国文联出版公司出版
    部分内容:谈艺录;新晚会;红烛颂;百花集;魔术明星;IBM短波;五州风情;艺人传奇
    ISSN 1003-630x:¥3.50(1996)
    
●
相关链接: 在易读查询期刊 在中国知网中查询期刊 在万方数据查询期刊 在维普查询期刊
唐山师范学院图书馆 欢迎您!
大连网信软件有限公司© 版权所有